00946 2200301 4500001002100000005001500021035002000036007000300056008004100059020002200100040002200122082001800144084002000162100003400182245010400216250002600320300004400346850001200390504003300402651002200435710003000457264004300487336002100530337003000551338002300581990002000604990002000624INLIS00000000087512020221104111521 a0010-1122000076ta221104s2019 yoia g 00 0 ind d a978-602-1634-35-6 aYOPDYOGbinderda04223a959.82634 a959.82634 TRI k0 aTri Ruwantod1984-epengarang10aKronik Kendal dalam revolusi nasional Indonesia 1945-1950 /cTri Ruwanto; penyunting, Tim Mata Padi aCetakan pertama, 2019 axvi, 154 halaman :bpeta, foto ;c20 cm aYOPDYOG aBibliografi: halaman 134-139 4aKendal--xSejarah2 aTim Mata Padiepenyunting31aYogyakarta :bMatapadi Presindo,c2019 2rdacontentateks 2rdamediaatanpa perantara 2rdacarrieravolume a70368-PD/A.2022 a70369-PD/A.2022